Medline on SilverPlatter October 1997 - November 1997

Αποθηκεύτηκε σε:
Λεπτομέρειες βιβλιογραφικής εγγραφής
Μορφή: Βιβλίο
Γλώσσα:Undetermined
Έκδοση: Norwood, Md. SilverPlatter Information Inc. 1997
Θέματα:
Ετικέτες: Προσθήκη ετικέτας
Δεν υπάρχουν, Καταχωρήστε ετικέτα πρώτοι!
Thư viện lưu trữ: Trung tâm Học liệu Trường Đại học Cần Thơ
LEADER 00533nam a2200181Ia 4500
001 CTU_238159
008 210402s9999 xx 000 0 und d
082 |a 610 
082 |b M491 
245 0 |a Medline on SilverPlatter October 1997 - November 1997 
245 0 |c National Library of Medicine 
260 |a Norwood, Md. 
260 |b SilverPlatter Information Inc. 
260 |c 1997 
650 |a Y học,Medicine 
650 |x Tóm tắt,Abstracts 
910 |b nthai 
980 |a Trung tâm Học liệu Trường Đại học Cần Thơ